UEFA Top European Football Clubs - Statistics

General Stats
  • This quiz has been taken 783 times
    47 since last reset
  • The average score is 21 of 30
Answer Stats
Country Club % Correct
Spain Real Madrid
100%
Spain FC Barcelona
98%
Germany FC Bayern Munchen
98%
Germany Borussia Dortmund
95%
England Manchester City
95%
France Paris Saint-Germain
95%
England Arsenal
93%
Italy Inter Milan
93%
Italy Juventus
93%
England Liverpool
90%
England Manchester United
90%
Spain Atletico Madrid
88%
England Chelsea
85%
Italy Milan
85%
Italy Roma
83%
Portugal FC Porto
80%
Portugal SL Benfica
78%
England Aston Villa
70%
Netherlands PSV Eindhoven
70%
England Tottenham
70%
Netherlands Feyenoord
63%
Germany Bayer Leverkusen
53%
France Lille
48%
Italy Atalanta
45%
Germany Eintracht Frankfurt
38%
Belgium FC Brugge
33%
Spain Real Betis
28%
Italy Fiorentina
25%
England West Ham
25%
Portugal Sporting CP
23%
No matching quizzes found
Score Distribution
Percent of People with Each Score
Percentile by Number Answered
Your Score History
You have not taken this quiz since the last reset